00694nam a2200193Ia 4500003000900000008004100009040001600050080001900066100002000085245007200105260005700177300002300234650004100257650002900298650002900327942000700356999001500363952012200378IN-BaIIA211028s9999 xx 000 0 eng d cIIA Library a083:523bZWI-1 aZwicky, F93367 0aCatalogue of galaxies and of cluster of galaxiesbvol. 1cF. Zwicky aCaliforniabCalifornia Institute of Technologyc1964 a[various pagings.] aAstronomy and Astrophysics Thesaurus aCatalogue-Galaxies95960 aGalaxies Catalogue95961 cBK c3361d3361 00104070aBANbKAVcGENd1969-12-24g117.00l0o083:523/ZWI-1p3736r2021-11-05v117.00w1969-12-24yBKGRs. 117.00